Plus grandes villes de France comportant un Q - Statistiques

Statistiques générales
  • Ce quiz a été pris 68 fois
  • Le résultat moyen est 5 sur 8
Statistiques - réponses
Population Département Ville % Correct
63 500 29 Quimper
94%
87 000 59 Dunkerque
90%
53 000 02 Saint-Quentin
79%
26 000 76 Le Grand-Quevilly
63%
62 000 59 Villeneuve-d'Ascq
52%
23 000 04 Manosque
49%
39 000 59 Marcq-en-Barœul
35%
31 000 78 Le Chesnay-Rocquencourt
17%
Aucun quiz correspondant
Distribution des résultats
% des personnes avec chaque résultat
Percentile par nombre de réponses
Votre historique - résultats
Vous n’avez pas pris ce quiz